00976nam a2200229Ia 4500003000900000008004100009020001800050040001600068080002500084111010000109245016400209260007300373300001400446490003700460650004100497650001100538650002800549700003600577942000700613999001700620952010900637IN-BaIIA211028s9999 xx 000 0 eng d a0-8194-1049-8 cIIA Library a535(082.1)bSPI-1113 aSociety of Photo-Optical Instrumentation Engineers ConferencecGermanyd1988 Sept. 12-21917082 0aReflective optics IIbproceedings of the SPIE held in Humburg, Germany, on 12-21 September 1988cedited by Dietrich G.Korsch  aWashingtonbSociety of Photo-Optical Instrumentation Engineersc1989 avi, 279p. aSPIE proceedings series; v. 1113 aAstronomy and Astrophysics Thesaurus aOptics aReflective index917083 aKorsch, Dietrich G., ed.917084 cBK c10096d10096 00104070aBANbBANcGENd1991-01-04l0o535(082.1)/ SPI-1113p11006r2021-11-05w1991-01-04yBK 55.00